Into battle: (Record no. 13096)

000 -LEADER
fixed length control field 00691nam a2200193 a 4500
001 - CONTROL NUMBER
control field :::00010914$&:&@@
003 - CONTROL NUMBER IDENTIFIER
control field OkBaRHE
005 - DATE AND TIME OF LATEST TRANSACTION
control field 20000607103404.0
008 - FIXED-LENGTH DATA ELEMENTS--GENERAL INFORMATION
fixed length control field s1986 j 000 0 eng u
040 ## - CATALOGING SOURCE
Transcribing agency
100 1# - MAIN ENTRY--PERSONAL NAME
Personal name Wallis, Arthur.
245 10 - TITLE STATEMENT
Title Into battle:
Remainder of title a manual of the Christian life.
260 ## - PUBLICATION, DISTRIBUTION, ETC. (IMPRINT)
Place of publication, distribution, etc Fort Washington, PA., :
Name of publisher, distributor, etc Christian Literature Crusade
Date of publication, distribution, etc 1986
300 ## - PHYSICAL DESCRIPTION
Extent 122 p. ;
Dimensions 18 cm.
650 ## - SUBJECT ADDED ENTRY--TOPICAL TERM
Topical term or geographic name as entry element Christian Life
General subdivision 1960-
942 ## - ADDED ENTRY ELEMENTS (KOHA)
Source of classification or shelving scheme
Koha item type Books
Copies
Koha item type Source of classification or shelving scheme Price effective from Not for loan Withdrawn status Damaged status Date acquired Copy number Permanent Location Lost status Full call number Date last seen Shelving location Barcode
Books 2010-04-14   2010-04-141RHEMA Bible Training College BV 4501.2 .W3232010-04-14General Stacks10914
Books 2010-04-14   2010-04-142RHEMA Bible Training College BV 4501.2 .W3232010-04-14General Stacks15242